| 000 | 01254nam a2200301 c 4500 | ||
|---|---|---|---|
| 003 | BLK | ||
| 005 | 20180422115305.0 | ||
| 008 | 180411b bul|||||r ||||||| ||bul|| | ||
| 010 | _aKNG00192452000 | ||
| 040 | _aBLK | ||
| 041 |
_aBUL _cBUL |
||
| 080 |
_aРуска литература _b821.161.1 _x-31 _z821.161.1-31 |
||
| 100 | 1 |
_aДиргела, Повилас _eпърви автор _9343229 |
|
| 700 | 1 |
_aДиргела, Пятрас _eсъавт. _9343230 |
|
| 700 | 1 |
_aБежанска, Антоанета Жекова _eпрев. от рус. _9371554 |
|
| 139 |
_aДиргела, Повилас и др. _bД 63 |
||
| 245 | 1 | 0 |
_aБосилекова планина _bРоман _cПовилас Диргела; съавт. Пятрас Диргела; прев. от рус. Антоанета Жекова Бежанска. |
| 257 | _aSUN | ||
| 260 |
_аСофия _bНар. култура _c1984 _fВ. Търново : Д. Найденов |
||
| 300 |
_a240 с. _c20 см |
||
| 380 | _aX | ||
| 500 | _aПрев. от рус. изд. Шалфейная гора, М., 1982. - 10 125 тир. | ||
| 852 | _aЦб 127585 | ||
| 856 | 4 |
_qpdf _u |
|
| 856 | 4 |
_qpdf _u |
|
| 942 |
_cKNG _n0 |
||
| 944 |
_aCR _c11.10.2016 _kКети_Илиева |
||
| 944 |
_aED _c11.10.2016 _kКети_Илиева |
||
| 999 |
_c183519 _d183519 |
||